Quizzes
Events
Quiz Creation
Community
Videos
Private Events
Remove Ads
Sign In
Join for FREE
Feedback
Dark Mode
Quiz Categories
Sports
Geography
Music
Movies
Television
Just For Fun
Miscellaneous
History
Literature
Language
Science
Gaming
Entertainment
Religion
Holiday
For Kids
Quiz Lab
Recent
Popular Today
Quiz Kudos Today
Editor Picks
Curator Picks
Quizzes by...
Day
Popularity
Type
Ratings
Length
Year
Community
Subscriptions
Recent Discussions
Orange Saloon
Badges
Playlists
Quests
Create
Leaderboards
Showdown
Live 5
Trivia Bingo
Activity
Puzzle Library
Sporcle Events
Private Events
Virtual Trivia
Globe League
Become a Host
Pub Owners
SporcleCon
Opinionation
Our Games
Videos
Blog
Mobile Apps
Partnerships
Remove Ads and Go Orange
Feedback
Music
Pop Music
The Beatles
Song
Album
Lyrics
Bands
Singers
Artist
Clip
Rock
Rap
Classical
Billboard
Country Music
Kpop
Taylor Swift
Music
Pop Music
The Beatles
Song
Album
Lyrics
Bands
Singers
Artist
Clip
Rock
Rap
Classical
Billboard
Country Music
Kpop
Taylor Swift
Random Quiz
Search Sporcle
×
Quiz Lab
Quiz Lab
Music
Kpop
Type in answers that appear in a list
Type in answers that appear in a list
Classic
Best Score? Go Orange.
Guess the idols with the same name Stats
Can you guess the idols with the same name?
By
sergiosanchez2bh
10m
26 Questions
1,121 Plays
1,121 Plays
1,121 Plays
Comments
Comments
Give Quiz Kudos
Give Quiz Kudos
-
- Ratings
hide this ad
Random Order
Randomize order of answers
Randomize order of answers
Replay
Link that replays current quiz
Next Quiz
Link to next quiz in quiz playlist
You Got
0%
They Got
Avg Score
55%
Avg Friend Score
Upgrade to see
Score Distribution
Jump to the score distribution portion of the page
Score
0/26
Timer
10:00
1
Play Today
Hint
Answer
% Correct
AOA & BTS
Jimin
96.7%
BTS & Lovelyz
Jin
92.6%
BIGBANG & SF9
Taeyang
86.8%
Blackpink, Lovelyz & Tahiti
Jisoo
86.3%
B.A.P & GOT7
Youngjae
86%
BTOB, CNBLUE & Monsta X
Minhyuk
84.1%
CNBLUE & SHINee
Jonghyun
82.2%
AOA, Gugudan & Twice
Mina
81.6%
Astro & Pristin
Eunwoo
75.6%
Block B & NCT
Taeil
75.3%
2AM & TVXQ
Changmin
62%
AOA & Crayon Pop
Choa
61.8%
Apink, Brave Girls & Nine Muses
Eunji
56%
Hint
Answer
% Correct
Girl's Day & Nine Muses
Sojin
48.6%
KNK & SF9
Inseong
48.4%
AOA & Brave Girls
Yuna
47.7%
Cosmic Girls & SF9
Dawon
44.1%
CLC, DIA & Oh My Girl
Seunghee
43.1%
CLC & KARA
Seungyeon
38.8%
Gugudan, Pristin & WINGS
Nayoung
36.9%
Gugudan & Oh My Girl
Mimi
36.7%
Gugudan & Secret
Hana
32%
Cosmic Girls & Hellovenus
Yeoreum
26.4%
BESTie & Gugudan
Hyeyeon
21%
Fiestar & Nine Muses
Hyemi
20.6%
Tahiti & Sonamoo
Minjae
11.8%
Quiz Playlist
Details
Report
Send in Message
Add To Playlist
Classic:
Type in answers that appear in a list
Random Order:
Randomize order of answers
Last Updated: Jul 18, 2017
Quiz Scoreboard
CHALLENGE
Sign Up to Join the Scoreboard
Show All
Scores
Hide
Comments
May contain spoilers
Recently Published
Presidents Visiting Landmarks
by Hejman
History
7m
An Introduction to Baseball
by treessimontrees
Sports
5m
Movies - When Are They Set?
by FPL_Elf
Movies
5m
More to Explore
Quiz From the Vault
Featured Blog Post
Where Did the Easter Bunny Come From?
hide this ad
You Might Also Like...
Tags
Kpop Quiz
Guessing Game
idol
Korean Idol
Kpop Idol
Kpop Quiz
name
same
Today's Top Quizzes in Music
Browse Music
hide this ad
Today's Top Quizzes in Kpop
Browse Kpop
Top Contributed Quizzes in Music
1
Taylor Swift All Songs (2024)
2
Guess the Artist- 70s Songs
3
Taylor Swift Logic Puzzle
4
KPOP LOGIC QUIZ
5
One Thing in Common: Music
6
2010s Album by Cover III
7
7-to-1: Billboard Hot 100 #1 Hits of 2010s
8
Guess the Taylor Swift song (Mystery Song)
9
Sorting Albums and Songs
10
2000s Album Cover Bunker
Explore More
Trending Topics
Harry Potter
Crossword
Disney
Kpop
Anime
Marvel
NBA
Pokémon
Puzzle
Song
WWE
The Office
Soccer
NFL
Country
hide this ad
More By:
sergiosanchez2bh
Quiz
Plays
Rating
Category
Featured
Created
Guess the idol with 3 or less letters on their names
1,895
4.38
Music
Jul 15, 2017
Guess the idols with the same name
1,121
4.80
Music
Jul 14, 2017
Guess the idol with 'young' on their names
802
5.00
Music
Jul 18, 2017
Guess the idol with just one type of vowel on the name
798
2.63
Music
Jul 20, 2017
Guess the Kpop TITLE SONG/SINGLE (no side tracks)
532
1.00
Music
Jul 12, 2017
Go to Creator's Profile
Score Distribution
Quiz Creator Spotlight
sergiosanchez2bh
Follow
Send a Message
Quizzes Created
-
Created Quiz Play Count
-
More By This Creator
Popular Quizzes Today
1
Find the US States - No Outlines Minefield
2
Find the Countries of Europe - No Outlines Minefield
3
The Countries of the World
4
Find the US States
5
Popular People in 1961
6
US States
7
Risky Map Clicking: Biggest States A-Z
8
Movies - When Are They Set?
More Music Quizzes
Stray Kids members [speed quiz]
Quiz Lab
Trending Quizzes
Risky Map Clicking: Least Populous States A-Z
1-10 Letter G Words
1-10 Letter F Words
Risky Map Clicking: Next State Alphabetically
Risky Map Clicking: Biggest States A-Z
Recently Updated
Leaping Animals
pecheneg
Reality TV Shows (A-Z)
bhenderson79
Rickey Henderson's Hall of Fame Teammates
pecheneg
Champions League XIs: Arsenal
pecheneg
Quick Pick: Celebrities in WWE's Hall of Fame
aduchscher
A-Z Keypad Blitz II
pecheneg
Multiple Oscar Actors
pecheneg
Mystery Phrase Blitz: Oscar 'Best Actors'
pecheneg
F. Scott Fitzgerald Novels
LTH
Pick 3 Villains
ddd62291
Trending Topics
Anime
Crossword
Marvel
Disney
Harry Potter
NBA
Kpop
NFL
Country
The Office
WWE
Soccer
Pokémon
Song
Puzzle
Your Account Isn't Verified!
In order to create a playlist on Sporcle, you need to verify the email address you used during registration. Go to your
Sporcle Settings
to finish the process.
Report this User
Report this user for behavior that violates our
Community Guidelines
.
Details:
Send Report
Go to the Sporcle.com Mobile Site →
Comments